Coen Brothers Films by Poster - Statistics

General Stats
  • This quiz has been taken 112 times
  • The average score is 11 of 18
Answer Stats
Picture Hint Answer % Correct
1996 {Fargo}
93%
1998 The {Big} {Lebowski}
88%
2007 {No} {Country} for {Old} {Men}
87%
2000 {O} {Brother}, {Where} {Art} {Thou}?
84%
2010 {True} {Grit}
69%
1991 {Barton} {Fink}
67%
1987 {Raising} {Arizona}
65%
2016 {Hail}, {Caesar}!
64%
2008 {Burn} {After} {Reading}
63%
1984 {Blood} {Simple}
53%
2004 The {Ladykillers}
53%
1990 {Miller}'{s} {Crossing}
52%
2018 The {Ballad} of {Buster} {Scruggs}
51%
2009 A {Serious} {Man}
50%
1994 The {Hudsucker} {Proxy}
50%
2013 {Inside} {Llewyn} {Davis}
48%
2003 {Intolerable} {Cruelty}
38%
2001 The {Man} {Who} {Wasn}'{t} {There}
38%
No matching quizzes found
Score Distribution
Percent of People with Each Score
Percentile by Number Answered
Your Score History
You have not taken this quiz